000 00719nam a22002057a 4500
999 _c62214
_d62214
005 20240809140750.0
008 240802s2017 en ||||| |||| 00| 0 eng d
020 _a9798189747038 X
041 _aeng
080 _a61(038) T-86
100 _aTRIVEDI,BHARAT
_923049
245 _aMEDICAL DICTIONARY
_b(ENGLISH - ENGLISH - GUJARATI) /
_cBHARAT TRIVEDI, BHANU PRASAD.
264 _aDelhi:
_b BIRLA PUBLICATIONS PVT. LTD.,
_c2017.
300 _a624 p.:
_bill;
_c20 cm.
653 _aMEDICAL DICTIONARY
653 _aსამედიცინო ლექსიკონი
653 _aინგლისურ ინდური ლექსიკონი
700 _aPRASAD, BHANU
_923050
942 _2udc
_cBK